Where are the Hockey olympians from - Statistiques

Statistiques générales
  • Ce quiz a été pris 12 fois
  • Le résultat moyen est 8 sur 214
Statistiques - réponses
Number Players Réponse Hint % Correct
1 McAvoy New York Usa
78%
1 Di Perna Montreal Can
67%
2 Jarvis, Stone Winnipeg Can
44%
3 Makar, Morrissey, Thompson Calgary Can
33%
1 Boudon Grenoble Fra
33%
1 Teravainen Helsinki Fin
33%
1 Di Tomaso | Wilson Toronto Can
33%
2 Petan, Bradley Vancouver Can
33%
1 Matthews California Usa
22%
2 J.Hughes, Q.Hughes Florida Usa
22%
1 Marchand Halifax Can
22%
1 Digiacinto Hamilton Can
22%
3 Suzuki, Horvat, Doughty London Can
22%
3 Connor, Hellebuyck, Larkin Michigan Usa
22%
1 Fadani Milan Ita
22%
3 Oettinger, Nelson, Faber Minnesota Usa
22%
1 Seed Ottawa Can
22%
4 Tomasek, Hertl, Cervenka, Gudas Prague Cze
22%
13 Batna, Jaks, Ravinskis, Tralmaks, Merzlikins,Freibergs, Girgensons, Cibulskis, Blugers, Vilmanis, Dzierk
Daugavins, Krastenbergs
Riga Lat
22%
3 Thompson, M.Tkachuk, B.Tkachuk Arizona Usa
11%
2 Muller, Gawanke Berlin Ger
11%
2 Mackinonn, Crosby Cole Harbor Can
11%
1 True Copenhaguen Dan
11%
1 Andersson Malmö Swe
11%
1 Marner Markham Can
11%
2 Hanifin, Boldy Massachusetts Usa
11%
1 Sanderson Montana Usa
11%
1 Peterka Munich Ger
11%
1 Miller Ohio Usa
11%
1 Trocheck Pennsylvania Usa
11%
2 Kuemper, Hagel Saskatoon Can
11%
1 Landeskog Stockholm Swe
11%
2 Sogaard, Ehlers Aalborg Dan
0%
1 Toews Abbotsford Can
0%
1 Roman Adelboden Be Swi
0%
1 Swayman Alaska Usa
0%
1 Broberg Almby Swe
0%
1 Gallet Amiens Fra
0%
1 De Luca Aosta Ita
0%
1 Segafredo Asagio Ita
0%
1 Sturm Augsburg Ger
0%
1 Meier Baden Ag Swi
0%
1 Franzreb Bad Tölz Ger
0%
1 Vallini Bolzano Ita
0%
1 Trivellato Bolzano Novarese Ita
0%
1 Wennberg Boo Swe
0%
1 Pettersson Borgsjö Swe
0%
1 Sanheim Brandon Can
0%
3 Fehervary, Liska, Ruzicka Bratislava Slo
0%
1 Kostner Bressanone Ita
0%
1 Chakiachvili Briancon Fra
0%
1 Dostal Brno Cze
0%
2 Purdeller, Clara Brunico Ita
0%
1 Berra Bulach Zh Swi
0%
1 Sedlak Ceske Budejovice Cze
0%
1 Dair Chambery Fra
0%
1 Bozon Chamonix Mont Blanc Fra
0%
1 Kampf Chomutov Cze
0%
1 Niederreiter Chur Gr Swi
0%
1 Addamo Clermont Ferrand Fra
0%
2 Tiffels, Draisaitl Cologne Ger
0%
1 Spacek Colombus Usa
0%
1 Slavin Colorado Usa
0%
1 Morini Como Ita
0%
1 Sarancino Creve Coeur Usa
0%
1 Stachowiak Danzig Pol
0%
3 Keller, Neckar, Ritz Dijon Fra
0%
1 Fora Bellinzona Ti Swi
0%
1 Schmid Frutigen Be Swi
0%
1 Hischier Naters Vs Swi
0%
1 Berni Dubendorf Zh Swi
0%
1 Niederberger Düsseldorf Ger
0%
1 Samanski Erding Ger
0%
2 Wejse, Koch Esbjerg Dan
0%
3 Heiskanen, Matinpalo, Lundell Espoo Fin
0%
1 Saros Forssa Fin
0%
1 Muller Frankfurt Am Main Ger
0%
1 Glauser Fraubrunnen Be Swi
0%
3 Olesen, Blichfeld, Aagaard Frederikshavn Dan
0%
1 Palat Frydek-Mistek Cze
0%
2 Lauridsen, Storm Gentofte Dan
0%
1 Kempe Gudmundrå Swe
0%
1 Tuomie Hassfurt Ger
0%
1 Riat Haute-Ajoie Ju Swi
0%
1 Pastrnak Havirov Cze
0%
4 Poulsen, Andersen, Bjorkstrand, Jensen Herning Dan
0%
1 Moelgaard Hjoerring Dan
0%
1 Kempny Hodonin Cze
0%
1 Bau Hoeje Taastrup Dan
0%
1 Hronek Hradec Kralove Cze
0%
1 Tatar Ilava Slo
0%
1 Auvitu Ivry Sur Seine Fra
0%
1 Locmelis Jjelgava Lat
0%
1 Raymond Johanneberg Swe
0%
2 Rubins, Bukarts Jurmala Lat
0%
1 Maata Jyvaskyla Fin
0%
1 Kase Kadan Cze
0%
1 Schutz Kassel Ger
0%
1 Mikkola Kiiminki Fin
0%
1 Knak Kloten Zh Swi
0%
3 Slafkovsky, Cernak, Marincin Kosice Slo
0%
3 Ehl,Wagner, Rieder Landshut Ger
0%
1 Johansson Landskrona Swe
0%
1 Theodore Langley Can
0%
1 Karlsson Lannaskede Swe
0%
1 Fabre la Tronche Fra
0%
1 Bellemare le Blanc Mesnil Fra
0%
1 Bertschy le Mouret Fr Swi
0%
1 Hudacek Levoca Slo
0%
3 Egle, Mamcics, Balcers Liepaja Lat
0%
1 Forsling Linköping Swe
0%
2 Sukel, Nemec Liptovsky Mikulas Slo
0%
1 Larkin Londra Gbr
0%
1 Kelemen Lucenec Slo
0%
1 Marti Lufingen Zh Swi
0%
1 Haula Luvia Fin
0%
1 Jensen Lyngby-Taarbaek Dan
0%
1 Koch Malacky Slo
0%
2 Michaelis, Kalble Mannheim Ger
0%
1 Markstrom Maria Swe
0%
1 Flek Marianske Lazne Cze
0%
1 Hlavaj Martin Slo
0%
1 Da Costa Melun Fra
0%
1 Regenda Michalovce Slo
0%
1 Keller Missouri Usa
0%
1 Simec Mlada Boleslav Cze
0%
1 Frigo Moncalieri Ita
0%
1 Kurashev Munsingen Be Swi
0%
1 Guentzel Nebraska Usa
0%
1 Vladar Neratovice Cze
0%
1 Schmid Nesslau Sg Swi
0%
1 Hintz Nokia Fin
0%
1 Eriksson Ek Norrstrand Swe
0%
2 Celebrini, Reinhart North Vancouver Can
0%
1 Mantenuto North York Can
0%
1 Rantanen Nousiainen Fin
0%
1 Necas Nove Mesto Na Morave Cze
0%
1 Reichel Nurnberg Ger
0%
1 Thurkauf Oberwil Bl Swi
0%
2 Gudlevskis, Blainskis, Ogre Lat
0%
1 Malgin Olten So Swi
0%
1 Holmberg Önsta Swe
0%
1 Frycklund Onsta Swe
0%
1 Stransky Ostrava Cze
0%
2 Granlund, Jokiharju Oulu Fin
0%
1 Lindholm Överluleå Swe
0%
1 Zanatta Pieve di Cadore Ita
0%
1 Lehkonen Piikkio Fin
0%
1 Rutta Pisek Cze
0%
1 Kahun Plana Cze
0%
1 Kubalik Plzen Cze
0%
2 Takac, Gajan Poprad Slo
0%
2 Korpisalo, Armia Pori Fin
0%
1 Junca Prades Fra
0%
1 Chlapik Praha Cze
0%
1 Kundratek Prerov Cze
0%
1 Gernat Presov Slo
0%
1 Aho Rauma Fin
0%
1 Crinon Reims Fra
0%
3 Binnington,Mcdavid,Bennett Richmond Hill Can
0%
1 Bruggisser Ringsted Dan
0%
4 Jensen Aabo, Eller, Lassen, Setkov Roedovre Dan
0%
1 Grubauer Rosenheim Ger
0%
1 Moser Rothenbach Im Emmental Be Swi
0%
1 Russell Rudersdal Dan
0%
1 Thiry Saint Germain En Laye Fra
0%
4 Texier, Treille, Perret, Cantagallo Saint Martin D'heres Fra
0%
1 Bertrand Saint-Maurice Fra
0%
3 Douay, Rech, Guebey Sallanches Fra
0%
1 Glira San Candido Ita
0%
1 Siegenthaler Schangnau Be Swi
0%
1 Genoni Serravalle Ti Swi
0%
1 Zile Sigulda Lat
0%
1 Luostarinen Siilinjarvi Fin
0%
1 Hedman Själevad Swe
0%
1 Tichacek Sokolov Cze
0%
1 Gazley Southfield Usa
0%
1 Parayko St.Albert Can
0%
1 Geibel Starnberg Ger
0%
1 Pietroniro St-Eustache Can
0%
2 Zibanejad, Nylander St Mikael Can
0%
1 Gustavsson St Olov Swe
0%
1 Andrighetto Sumiswald Be Swi
0%
1 Rakell Sundbyberg Swe
0%
1 Harley Syracuse Usa
0%
1 Boscq Talence Fra
0%
1 Dahlin Tengene Swe
0%
1 Kapanen Timra Swe
0%
1 Ekman-Larsson Tingsås Swe
0%
1 Skorvanek Topolcany Slo
0%
1 Bratt Trångsund Swe
0%
1 Vejmelka Trebic Cze
0%
2 Ceresnak, Okuliar Trencin Slo
0%
1 Jager Tschiertschen-Praden Gr Swi
0%
3 Kakko, Ristolainen, Lehtonen Turku Fin
0%
1 Forsberg Uppsala Swe
0%
1 Fiala Uzwil Sg Swi
0%
1 Smits Valmiera Lat
0%
3 Kiviranta, Lankinen, Lindell Vantaa Fin
0%
1 Zanetti Varese Ita
0%
1 Silovs Ventspils Lat
0%
1 Stutzle Viersen Ger
0%
1 Tolvanen Vihti Fin
0%
1 Wallstedt Viksäng Swe
0%
1 Wissmann Villingen-Schwenningen Ger
0%
1 Faska Vitkov Cze
0%
1 Dichow Vojens Dan
0%
1 Kukan Volketswil Zh Swi
0%
1 Seider Zell Ger
0%
1 Ivan Ziar Nad Hronom Slo
0%
2 Cehlarik, Cingel Zilina Slo
0%
1 Suter Zurich Zh Swi
0%
2 Pospisil, Dvorsky Zvolen Slo
0%
Aucun quiz correspondant
Distribution des résultats
% des personnes avec chaque résultat
Percentile par nombre de réponses
Votre historique - résultats
Vous n’avez pas pris ce quiz